000 00593nam a22001815i 4500
001 152042
003 ES-MaACL
005 20250822062553.0
008 030313s1889 fr |||| | fre d
100 1 _aBertrand, Alexis.
_928517
245 1 3 _aLa psychologie de l'effort et les doctrines contemporaines /
_cpar Alexis Bertrand.
260 _aParis :
_bFélix Alcan,
_c1889 (
_fImp. Pitrat Ainé)
300 _a202 p. ;
_c18 cm.
650 0 7 _aPsicología
_2embne
_916540
752 _aFrancia -
_dParís
852 _aES-MaACL
_jF-12118
_z- Enc. pasta española
999 _c152042
_d152042